| 000 | 00433pab a2200157 454500 | ||
|---|---|---|---|
| 008 | 180718b1995 xxu||||| |||| 00| 0 eng d | ||
| 100 | _aVithal, C.P. | ||
| 245 |
_aThe new Panchayati Raj Act in Andhra Pradesh _ban analysis. |
||
| 260 | _c1995 | ||
| 300 | _ap.67-71 | ||
| 362 | _aApr | ||
| 650 | _aIndia. Constitution - Amendments - 73rd | ||
| 650 | _aPanchayat - India - Andhra Pradesh | ||
| 773 | _aKurukshetra | ||
| 909 | _a29587 | ||
| 999 |
_c29587 _d29587 |
||